Máximos goleadores de la década 2000's - Estadísticas

Estadísticas generales
  • Esta prueba ha sido intentada 165 veces
  • La puntuación promedio es 9 de 20
Estadísticas de respuestas
Equipo(s) Goleadores % Correcto
Arsenal, Barcelona Thierry Henry
95%
Mallorca ,Barcelona, Inter Samuel Etoo
90%
R.Madrid, Schalke 04 Raul
85%
Marseille, Chelsea Didier Drogba
77%
Zaragoza, Valencia, Barcelona David Villa
72%
M.United, R.Madrid, Hamburger Van Nistelrooy
67%
Milan, Chelsea, Dinamo kyiv Andriy Shevchenko
63%
Liverpool Steven Gerrard
55%
Kaiserslautern, Werder Bremen, B.Munich Miroslav Klose
52%
Parma, Inter, Sao Paulo, Flamengo Adriano
38%
Juventus, Milan Filippo Inzaghi
35%
Celtic, Barcelona, M.United, Helsingborg Henrik Larsson
35%
Sao Paulo, Santos, Porto, Sevilla Luis Fabiano
35%
B.Leverkusen, B.Munich, Chelsea Michael Ballack
28%
B.Leverkusen, Tottenham, M.United Dimitar Berbatov
25%
Anderlecht, B.Dortmund Jan Koller
6%
Santos Laguna, Pahuca, Bolton.W, Al-Ittihad, Monarcas.M Jared Borgetti
6%
Servette, Rennes, B.Dortmund, Basel Alenxander Frei
5%
Feyenoord, Milan, Stuttgart, Villareal John Dahl Tomasson
5%
A.P.Luanda, Al-Ahly Cairo, Al-Shabab, Riyadh Flavio Amado
0%
No se encontraron pruebas coincidentes
Distribución de puntuación
Porcentaje de gente con cada puntuación
Porcentaje por número respondido
Historial de tus puntuaciones
No has intentado esta prueba.